000
00232nam a2200097Ia 4500
008
190216s9999||||xx |||||||||||||| ||und||
100
_a
Null
245
0
_a
Hindi-Panch Abhinav Ekanki
260
_b
Bharathy Sahithya Mandir
942
_c
BK
999
_c
18077
_d
18077